<?xml version="1.0" encoding="UTF-8"?>
<collection xmlns="http://www.loc.gov/MARC21/slim">
 <record>
  <leader>01645nam a22002417a 4500</leader>
  <controlfield tag="001">NCT_49197</controlfield>
  <controlfield tag="008">180911b        xxu||||| |||| 00| 0 vie d</controlfield>
  <datafield tag="999" ind1=" " ind2=" ">
   <subfield code="c">2353</subfield>
   <subfield code="d">2353</subfield>
  </datafield>
  <datafield tag="020" ind1=" " ind2=" ">
   <subfield code="a">9786048220488</subfield>
   <subfield code="c">54000</subfield>
  </datafield>
  <datafield tag="082" ind1="0" ind2="4">
   <subfield code="2">23rd ed.</subfield>
   <subfield code="a">720.9</subfield>
   <subfield code="b">Đ103</subfield>
  </datafield>
  <datafield tag="100" ind1="1" ind2=" ">
   <subfield code="a">Tôn Đại</subfield>
  </datafield>
  <datafield tag="245" ind1="1" ind2="0">
   <subfield code="a">Lịch sử kiến trúc thế giới qua hình vẽ</subfield>
   <subfield code="c">Tôn Đại</subfield>
  </datafield>
  <datafield tag="260" ind1=" " ind2=" ">
   <subfield code="a">H.</subfield>
   <subfield code="b">Xây dựng</subfield>
   <subfield code="c">2017</subfield>
  </datafield>
  <datafield tag="300" ind1=" " ind2=" ">
   <subfield code="a">94 tr.</subfield>
   <subfield code="b">Hình vẽ</subfield>
   <subfield code="c">24cm</subfield>
  </datafield>
  <datafield tag="520" ind1="3" ind2=" ">
   <subfield code="a">Sách giới thiệu hình ảnh của những công trình kiến trúc nổi tiếng về không gian, thời gian, tác giả và công trình kiến trúc theo phong cách nghệ thuật nào, thuộc trào lưu, trường phái kiến trúc nào.</subfield>
  </datafield>
  <datafield tag="653" ind1=" " ind2=" ">
   <subfield code="a">Kiến trúc</subfield>
  </datafield>
  <datafield tag="942" ind1=" " ind2=" ">
   <subfield code="2">ddc</subfield>
   <subfield code="c">BK</subfield>
  </datafield>
  <datafield tag="952" ind1=" " ind2=" ">
   <subfield code="0">0</subfield>
   <subfield code="1">0</subfield>
   <subfield code="2">ddc</subfield>
   <subfield code="4">0</subfield>
   <subfield code="6">720_900000000000000_Đ103</subfield>
   <subfield code="7">0</subfield>
   <subfield code="9">13592</subfield>
   <subfield code="a">000001</subfield>
   <subfield code="b">000001</subfield>
   <subfield code="d">2018-09-11</subfield>
   <subfield code="o">720.9 Đ103</subfield>
   <subfield code="p">MD.13147</subfield>
   <subfield code="r">2018-09-11</subfield>
   <subfield code="v">54000.00</subfield>
   <subfield code="w">2018-09-11</subfield>
   <subfield code="y">BK</subfield>
  </datafield>
  <datafield tag="952" ind1=" " ind2=" ">
   <subfield code="0">0</subfield>
   <subfield code="1">0</subfield>
   <subfield code="2">ddc</subfield>
   <subfield code="4">0</subfield>
   <subfield code="6">720_900000000000000_Đ103</subfield>
   <subfield code="7">0</subfield>
   <subfield code="9">13593</subfield>
   <subfield code="a">000001</subfield>
   <subfield code="b">000001</subfield>
   <subfield code="d">2018-09-11</subfield>
   <subfield code="o">720.9 Đ103</subfield>
   <subfield code="p">MD.13148</subfield>
   <subfield code="r">2018-09-11</subfield>
   <subfield code="v">54000.00</subfield>
   <subfield code="w">2018-09-11</subfield>
   <subfield code="y">BK</subfield>
  </datafield>
  <datafield tag="952" ind1=" " ind2=" ">
   <subfield code="0">0</subfield>
   <subfield code="1">0</subfield>
   <subfield code="2">ddc</subfield>
   <subfield code="4">0</subfield>
   <subfield code="6">720_900000000000000_Đ103</subfield>
   <subfield code="7">0</subfield>
   <subfield code="9">13594</subfield>
   <subfield code="a">000001</subfield>
   <subfield code="b">000001</subfield>
   <subfield code="d">2018-09-11</subfield>
   <subfield code="o">720.9 Đ103</subfield>
   <subfield code="p">MD.13149</subfield>
   <subfield code="r">2018-09-11</subfield>
   <subfield code="v">54000.00</subfield>
   <subfield code="w">2018-09-11</subfield>
   <subfield code="y">BK</subfield>
  </datafield>
  <datafield tag="952" ind1=" " ind2=" ">
   <subfield code="0">0</subfield>
   <subfield code="1">0</subfield>
   <subfield code="2">ddc</subfield>
   <subfield code="4">0</subfield>
   <subfield code="6">720_900000000000000_Đ103</subfield>
   <subfield code="7">0</subfield>
   <subfield code="9">13595</subfield>
   <subfield code="a">000001</subfield>
   <subfield code="b">000001</subfield>
   <subfield code="d">2018-09-11</subfield>
   <subfield code="l">1</subfield>
   <subfield code="o">720.9 Đ103</subfield>
   <subfield code="p">MD.13150</subfield>
   <subfield code="r">2020-05-23</subfield>
   <subfield code="s">2020-05-12</subfield>
   <subfield code="v">54000.00</subfield>
   <subfield code="w">2018-09-11</subfield>
   <subfield code="y">BK</subfield>
  </datafield>
  <datafield tag="952" ind1=" " ind2=" ">
   <subfield code="0">0</subfield>
   <subfield code="1">0</subfield>
   <subfield code="2">ddc</subfield>
   <subfield code="4">0</subfield>
   <subfield code="6">720_900000000000000_Đ103</subfield>
   <subfield code="7">0</subfield>
   <subfield code="9">13596</subfield>
   <subfield code="a">000001</subfield>
   <subfield code="b">000001</subfield>
   <subfield code="d">2018-09-11</subfield>
   <subfield code="o">720.9 Đ103</subfield>
   <subfield code="p">MD.13151</subfield>
   <subfield code="r">2018-09-11</subfield>
   <subfield code="v">54000.00</subfield>
   <subfield code="w">2018-09-11</subfield>
   <subfield code="y">BK</subfield>
  </datafield>
  <datafield tag="980" ind1=" " ind2=" ">
   <subfield code="a">Thư viện Trường Đại học Nam Cần Thơ</subfield>
  </datafield>
 </record>
</collection>
